The fighting Marshal : (Record no. 7806)
[ view plain ]
| 000 -LEADER | |
|---|---|
| fixed length control field | 00596nam a22002172i 4500 |
| 001 - CONTROL NUMBER | |
| JCCL Control Number | 7806 |
| 003 - CONTROL NUMBER IDENTIFIER | |
| JCCL marc code | BD - JhCC |
| 005 - DATE AND TIME OF LATEST TRANSACTION | |
| control field | 20180723201909.0 |
| 008 - FIXED-LENGTH DATA ELEMENTS--GENERAL INFORMATION | |
| fixed length control field | 500101s1958 xxk 000 0 eng d |
| 035 ## - SYSTEM CONTROL NUMBER | |
| system control number | (BD - JhCC)7806 |
| 040 ## - CATALOGING SOURCE | |
| Original cataloging agency | UKM |
| Transcribing agency | UKM |
| Modifying agency | EQO |
| -- | BD - JhCC |
| 041 ## - LANGUAGE CODE | |
| Language code of Book | eng |
| 082 ## - DEWEY DECIMAL CLASSIFICATION NUMBER | |
| DDC Edition number | 18 |
| Author mark and Year | JEF 1958 |
| Classification number | 823.91 |
| 100 1# - MAIN ENTRY--PERSONAL NAME | |
| Personal name | Jeffries, Jeff |
| Fuller form of name | (Children’s fiction writer) |
| 245 14 - TITLE STATEMENT | |
| Title | The fighting Marshal : |
| Remainder of title | the story of Wyatt Earp / |
| Statement of responsibility, etc | Jeff Jeffries |
| 260 ## - PUBLICATION, DISTRIBUTION, ETC. (IMPRINT) | |
| Place of publication, distribution, etc | Collins, |
| Date of publication, distribution, etc | 1958 |
| 300 ## - PHYSICAL DESCRIPTION | |
| Pagination | 256 p. : |
| Other physical details | ill. ; |
| Dimensions | 19 cm |
| 830 #0 - SERIES ADDED ENTRY--UNIFORM TITLE | |
| Uniform title | Seagull library |
| 942 ## - ADDED ENTRY ELEMENTS (KOHA) | |
| Source of classification or shelving scheme | Dewey Decimal Classification |
| Koha item type | Books |
| Source of classification or shelving scheme | Damaged status | Not for loan | Home library | Current library | Shelving location | Total Checkouts | Full call number | Barcode | Date last seen | Copy number | Koha item type |
|---|---|---|---|---|---|---|---|---|---|---|---|
| Dewey Decimal Classification | JCC Rouf Library | JCC Rouf Library | General Stacks | 823.91 JEF 1958 | 10420 | 02/14/2018 | C - 1 | Books |